| 000 | 00866nam a2200265 a 4500 | ||
|---|---|---|---|
| 999 |
_c10637 _d10637 |
||
| 001 | 1055743 | ||
| 003 | OSt | ||
| 005 | 20210301150442.0 | ||
| 008 | 901123s1991 ilu b 000 0 eng | ||
| 010 | _a 90071925 | ||
| 020 |
_a084231251X (pbk.) : _c$3.95 |
||
| 040 |
_aDLC _cDLC |
||
| 050 | 0 | 0 |
_aBS125 _bC732B |
| 082 | 0 | 0 |
_a220.5/2 _220 _bC732B |
| 100 | 1 | _aComfort, Philip Wesley. | |
| 245 | 1 | 4 |
_aThe complete guide to Bible versions / _cPhilip Wesley Comfort. |
| 260 |
_aWheaton, Ill. : _bLiving Books, _cc1991. |
||
| 300 |
_axi, 145 p. ; _c18 cm. |
||
| 504 | _aIncludes bibliographical references. | ||
| 630 | 0 | 0 |
_aBible. _lEnglish _xVersions. |
| 740 | 0 | _aBible versions. | |
| 906 |
_a7 _bcbc _corignew _d3 _eopcn _f19 _gy-gencatlg |
||
| 942 |
_2ddc _cBK |
||